000
00175nam a2200073Ia 4500
008
170524s9999 xx 000 0 und d
100
_a
UBEROI- NK
245
0
_a
ENVIRONMENTAL MANAGEMENT
260
_b
EXCEL BOOKS
999
_c
8162
_d
8162